| 000 | 01001cam a22003133a 4500 | ||
|---|---|---|---|
| 001 | 11978 | ||
| 003 | PGUSA | ||
| 005 | 20140828083243.0 | ||
| 008 | 040401s2004||||xxu|||||s|||||000 1 eng d | ||
| 040 |
_aPGUSA _beng |
||
| 042 | _adc | ||
| 050 | 4 | _aPZ | |
| 100 | 1 |
_aEllis, Edward Sylvester, _d1840-1916 |
|
| 245 | 1 | 0 |
_aBrave Tom; Or, The Battle That Won _h[electronic resource] / _cEdward Sylvester Ellis |
| 260 |
_bProject Gutenberg, _c2004 |
||
| 506 | _aPublic domain in the USA. | ||
| 516 | _aElectronic text | ||
| 653 | _aDiligence -- Juvenile fiction | ||
| 653 | _aCourage -- Juvenile fiction | ||
| 653 | _aAunts -- Juvenile fiction | ||
| 653 | _aChildren -- Conduct of life -- Juvenile fiction | ||
| 653 | _aWidows -- Juvenile fiction | ||
| 653 | _aConduct of life -- Juvenile fiction | ||
| 653 | _aSuccess -- Juvenile fiction | ||
| 653 | _aStudents -- Juvenile fiction | ||
| 830 | 0 |
_aProject Gutenberg _v11978 |
|
| 856 | 4 | 0 | _uhttp://www.gutenberg.org/ebooks/11978 |
| 942 | _cEB | ||
| 999 |
_c241233 _d241233 |
||